SIMPSON,S FORENSIC MEDIXINE (Record no. 1632)
[ view plain ]
| 000 -LEADER | |
|---|---|
| fixed length control field | 00345nam a2200145Ia 4500 |
| 008 - FIXED-LENGTH DATA ELEMENTS--GENERAL INFORMATION | |
| fixed length control field | 150201s2014 xx 000 0 und d |
| 082 ## - DEWEY DECIMAL CLASSIFICATION NUMBER | |
| Classification number | 614.1 |
| Item number | S14J |
| 100 ## - MAIN ENTRY--PERSONAL NAME | |
| Personal name | JAMES, JASON PAYNE |
| 245 ## - TITLE STATEMENT | |
| Title | SIMPSON,S FORENSIC MEDIXINE |
| 250 ## - EDITION STATEMENT | |
| Edition statement | 1ST |
| 260 ## - PUBLICATION, DISTRIBUTION, ETC. (IMPRINT) | |
| Name of publisher, distributor, etc. | CRC PRESS |
| Date of publication, distribution, etc. | 2014 |
| 300 ## - PHYSICAL DESCRIPTION | |
| Extent | 1-253 |
| 650 ## - SUBJECT ADDED ENTRY--TOPICAL TERM | |
| Topical term or geographic name as entry element | FORENSIC MEDICINE |
| 942 ## - ADDED ENTRY ELEMENTS (KOHA) | |
| Source of classification or shelving scheme | Dewey Decimal Classification |
| Koha item type | Books |
| Withdrawn status | Lost status | Source of classification or shelving scheme | Damaged status | Not for loan | Collection code | Home library | Current library | Shelving location | Date acquired | Source of acquisition | Cost, normal purchase price | SGTU | Bill Number | Total Checkouts | Full call number | Barcode | Date last seen | Bill Date | Koha item type |
|---|---|---|---|---|---|---|---|---|---|---|---|---|---|---|---|---|---|---|---|
| Dewey Decimal Classification | Not For Loan | MEDICAL | SGT Medical Library | SGT Medical Library | Reference Book | 23/01/2014 | ABC DELHI | 15.00 | SGTU | 4209 | 614.1 S14J | FM5717 | 09/02/2015 | 11/02/2014 | Books | ||||
| Dewey Decimal Classification | Not For Loan | MEDICAL | SGT Medical Library | SGT Medical Library | Reference Book | 23/01/2014 | ABC DELHI | 15.00 | SGTU | 4209 | 614.1 S14J | FM5718 | 09/02/2015 | 11/02/2014 | Books | ||||
| Dewey Decimal Classification | Not For Loan | MEDICAL | SGT Medical Library | SGT Medical Library | Reference Book | 23/01/2014 | ABC DELHI | 15.00 | SGTU | 4209 | 614.1 S14J | FM5719 | 09/02/2015 | 11/02/2014 | Books | ||||
| Dewey Decimal Classification | Not For Loan | MEDICAL | SGT Medical Library | SGT Medical Library | Reference Book | 23/01/2014 | ABC DELHI | 15.00 | SGTU | 4209 | 614.1 S14J | FM5720 | 09/02/2015 | 11/02/2014 | Books |